000 00502nam a2200181 a 4500
005 20140412111330.0
008 030207s19uu xx 00 eng d
020 _a0-590-46415-9
050 _aTR(PS E
_bDi61 1994
100 _aDonnelly, Liza
245 _aDinosaur valentine /
_cby Liza Donnelly.
260 _aNew York :
_bScholastic Inc,
_c1994.
300 _a1 v. (unp.) ; ill.
440 _aCartwheel Books
650 _aValentines--Fiction
650 _aDinosaurs--Fiction
999 _c104902
_d104902